Villes d'Asie de A à Z - Difficile - Statistiques

Statistiques générales
  • Ce quiz a été pris 113 fois
  • Le résultat moyen est 10 sur 26
Statistiques - réponses
Indice Ville % Correct
K Son bœuf est mondialement connu Kobe
82%
D Capitale du Timor oriental Dili
80%
P Capitale en Indochine Phnom Penh
76%
R L'Autorité palestinienne y réside Ramallah
64%
N Plus grand port maritime du Japon Nagoya
63%
F Grande ville sur l'île de Kyūshū, au sud du Japon Fukuoka
62%
T Capitale asiatique la plus haute Thimphou
61%
B Ville à Java, connue pour une conférence durant la Guerre Froide Bandung
56%
A Plus grande ville du Kazakhstan Almaty
50%
C Elle accueille un grand centre dédié aux pandas géants Chengdu
38%
Y Nom local de Rangoun Yangon
36%
E Capitale du Kurdistan irakien Erbil
35%
G Son château a été détruit par un séisme qui a touché la Turquie en 2023 Gaziantep
35%
O Métropole sur la ligne du Trans-sibérien Omsk
33%
S Carrefour d'Asie centrale longuement décrit par Marco Polo Samarcande
32%
I Destination pour ceux qui souhaitent visiter le lac Baïkal Irkoutsk
31%
Q Ville sainte dans l'Islam chiite Qom
29%
M Plus grande ville sur l'île de Sumatra Medan
27%
V La plus sacrée de l'hindouisme, connue pour ses ghats Varanasi
23%
U Ville coréenne marquée par l'influence de Hyundai Ulsan
22%
H Ville afghane, centre de la Renaissance timouride Hérat
21%
J Ville mandchoue qui a donné son nom à une province chinoise Jilin
19%
X Capitale de Kubilaï Khan, popularisée dans Citizen Kane Xanadu
19%
W Ville chinoise dont le code de l'aéroport est WNZ Wenzhou
18%
L L'une des grandes capitales historiques de Chine Luoyang
11%
Z Grande ville au sud de Pékin Zibo
11%
Aucun quiz correspondant
Distribution des résultats
% des personnes avec chaque résultat
Percentile par nombre de réponses
Votre historique - résultats
Vous n’avez pas pris ce quiz